| 000 | 01262nam a22002417a 4500 | ||
|---|---|---|---|
| 005 | 20240305165451.0 | ||
| 007 | cr|||| |||| | ||
| 008 | 170829s2012 mx |||||s||||f00||0 spa d | ||
| 035 | _a20461 | ||
| 040 | _avLex | ||
| 090 |
_c6864 _d6864 |
||
| 100 | 1 | _aHernández Abarca, Nuria Gabriela | |
| 245 | 1 | 0 |
_aDiagnóstico del trabajo legislativo en materia de derechos humanos de las mujeres en la Legislatura LXI _h[Recurso electrónico] : _bRetos y pendientes / _cNuria Gabriela Hernández Abarca |
| 256 | _aServicio en línea | ||
| 260 |
_aCiudad de México: _bCámara de Diputados, _c2012 |
||
| 300 | _a1 recurso electrónico | ||
| 506 | 1 |
_aDisponible solo en los productos indicados _dvLex Global _dvLex Global (Academic Edition, excluding Law Schools) _dvLex Global (U.S. Academic Edition, Law Schools) _dvLex Global (U.S. Academic Edition, excluding Law Schools) _dvLex Global (Academic Edition, Law Schools) |
|
| 650 | 0 | 4 |
_aDerecho Laboral y Seguridad Social _zMéxico |
| 650 | 0 | 4 |
_aDerecho Constitucional _zMéxico |
| 740 | 0 | _avLex Libros (Servicio en línea) | |
| 856 | 4 | 0 | _uhttps://app.vlex.com/#/sources/diagnostico-del-trabajo-legislativo-en-materia-de-derechos-humanos-de-las-mujeres-en-la-legislatura-lxi-retos-y-pendientes-20461 |
| 942 | _cRAA | ||
| 999 |
_c165111 _d165111 |
||